Science Quiz

Random Science or Letter Quiz
Score 0/20 Timer 04:00
0 Plays Today
% Correct
einsteinium
82.8%
californium
68.9%
rutherfordium
63.2%
mendelevium
53.9%
lawrencium
46.1%
seaborgium
45.9%
darmstadtium
45.1%
praseodymium
43.7%
molybdenum
42.6%
protactinium
42.4%
% Correct
copernicium
40.4%
dysprosium
39.7%
livermorium
38.8%
roentgenium
37.2%
meitnerium
36.3%
gadolinium
35.1%
promethium
33.7%
tennessine
31.5%
phosphorus
31.3%
technetium
30.6%

You're not logged in!

Compare scores with friends on all Sporcle quizzes.
OR
Log In

Sporcle TV

Today on Sporcle TV


Watch our educational content, quiz creation guides, and fun videos on Sporcle TV.

Show Comments

Extras

Top Quizzes Today


Score Distribution

Your Account Isn't Verified!

In order to create a playlist on Sporcle, you need to verify the email address you used during registration. Go to your Sporcle Settings to finish the process.

Report this User

Report this user for behavior that violates our Community Guidelines.

Details: